000 00844nam a2200229Ia 4500
001 L248-15009
003 IT-CnALBA
008 170116s9999||||xx |||||||||||||| ||und||
040 _aIT-CnALBA
_cIT-CnALBA
041 _aITALIANO
100 _aBOTTINI D. PRIMO
245 0 _aI DORMENTI DEL CIMITERO. VARIAZIONI FUNEBRI.
250 _a1a ed.
260 _aCINISELLO BALSAMO (MI)
_bEDIZIONI PAOLINE
_c1945 [1° Ed.:1945 - Ed.Ling.Originale: 1945]
300 _a160 p. (prefazione: 7)
500 _aMORTE E VITA. ESEQUIE. CIMITERO. PREGHIERE. SUFFRAGI. RISORTI.
501 _aSocietà San Paolo EM - Piazza San Paolo, 14 - 12051 ALBA (CN) (non commercial uses only) ® Copyright 2017
520 _aMORTE E VITA. ESEQUIE. CIMITERO. PREGHIERE. SUFFRAGI. RISORTI.
650 _aASCETICA E MISTICA
942 _cBK
957 _71
999 _a19759
_bSI
_g Copie: 1
_c274178
_d274178